Statystyki dla Bracia w piłce nożnej z różnymi narodowościami

Kliknij tutaj aby rozwiązać quiz!

Ogólne statystyki

  • Ten quiz został rozwiązany 40 razy
  • Średni wynik to 13 z 18

Statystyki odpowiedzi

PiłkarzNarodowość% Poprawnych
Paul PogbaFrancja
97%
Steve MandandaFrancja
97%
Kevin-Prince BoatengGhana
95%
Iñaki WilliamsGhana
95%
Nico WilliamsHiszpania
92%
Thiago AlcântaraHiszpania
92%
João MárioPortugalia
92%
RafinhaBrazylia
89%
Jérôme BoatengNiemcy
89%
Granit XhakaSzwajcaria
89%
Taulant XhakaAlbania
78%
Valon BerishaKosowo
65%
Ramiro Funes MoriArgentyna
62%
Rogelio Funes MoriMeksyk
49%
Parfait MandandaDemokratyczna Republika Konga
41%
Florentin PogbaGwinea
35%
Wilson EduardoAngola
32%
Veton BerishaNorwegia
19%

Rozkład punktacji

Percentyl według liczby udzielonych odpowiedzi

Procent ludzi z każdym wynikiem

Twoja historia wyników

Nie rozwiązałeś tego quizu